The Modern Researcher / (Record no. 332271)
[ view plain ]
| 000 -LEADER | |
|---|---|
| fixed length control field | 00928nam a22002537a 4500 |
| 003 - CONTROL NUMBER IDENTIFIER | |
| control field | NUST |
| 005 - DATE AND TIME OF LATEST TRANSACTION | |
| control field | 20171122103612.0 |
| 008 - FIXED-LENGTH DATA ELEMENTS--GENERAL INFORMATION | |
| fixed length control field | 140509b xxu||||| |||| 00| 0 eng d |
| 020 ## - INTERNATIONAL STANDARD BOOK NUMBER | |
| Terms of availability | Available |
| International Standard Book Number | 9780495318705 (paperback) |
| 040 ## - CATALOGING SOURCE | |
| Original cataloging agency | DLC |
| Language of cataloging | DLC |
| Transcribing agency | 0 |
| 082 ## - DEWEY DECIMAL CLASSIFICATION NUMBER | |
| Classification number | 907.2 BAR |
| 100 ## - MAIN ENTRY--PERSONAL NAME | |
| Personal name | Barzun, Jacques (Jacques Barzun) |
| 9 (RLIN) | 551 |
| 245 ## - TITLE STATEMENT | |
| Title | The Modern Researcher / |
| Statement of responsibility, etc. | Jacques (Jacques Barzun) Barzun, Henry F. Graff. |
| 250 ## - EDITION STATEMENT | |
| Edition statement | 6th,ed. |
| 260 ## - PUBLICATION, DISTRIBUTION, ETC. | |
| Place of publication, distribution, etc. | ISLAMABAD : |
| Name of publisher, distributor, etc. | NBF, |
| Date of publication, distribution, etc. | c 2003 |
| 300 ## - PHYSICAL DESCRIPTION | |
| Extent | 322p. ; |
| Other physical details | ill: |
| Dimensions | 23,cm |
| 500 ## - GENERAL NOTE | |
| General note | H.B |
| 520 ## - SUMMARY, ETC. | |
| Summary, etc. | |
| 538 ## - SYSTEM DETAILS NOTE | |
| Display text | Shelf # 13, Row # 3, Fiction. |
| 650 ## - SUBJECT ADDED ENTRY--TOPICAL TERM | |
| Topical term or geographic name entry element | Research |
| 9 (RLIN) | 552 |
| 700 ## - ADDED ENTRY--PERSONAL NAME | |
| Personal name | Graff, Henry F. |
| 9 (RLIN) | 553 |
| 856 ## - ELECTRONIC LOCATION AND ACCESS | |
| Materials specified | Amazon.com |
| Uniform Resource Identifier | <a href="http://www.amazon.com/exec/obidos/ASIN/0495318701/chopaconline-20">http://www.amazon.com/exec/obidos/ASIN/0495318701/chopaconline-20</a> |
| 942 ## - ADDED ENTRY ELEMENTS (KOHA) | |
| Source of classification or shelving scheme | |
| Koha item type | Fiction |
| Call number prefix | IESE |
| Withdrawn status | Lost status | Source of classification or shelving scheme | Damaged status | Not for loan | Collection code | Permanent Location | Current Location | Shelving location | Date acquired | Total Checkouts | Full call number | Barcode | Date last seen | Price effective from | Koha item type |
|---|---|---|---|---|---|---|---|---|---|---|---|---|---|---|---|
| Institute of Environmental Science and Engineering (IESE) | Institute of Environmental Science and Engineering (IESE) | General Stacks | 11/22/2017 | 907.2 BAR | IESE-2364 | 11/22/2017 | 11/22/2017 | Fiction | |||||||
| Institute of Environmental Science and Engineering (IESE) | Institute of Environmental Science and Engineering (IESE) | General Stacks | 11/22/2017 | 907.2 BAR | IESE-2363 | 11/22/2017 | 11/22/2017 | Fiction |
